| 000 | 00514nam a22001937a 4500 | ||
|---|---|---|---|
| 003 | NUST - PNEC | ||
| 005 | 20170116180754.0 | ||
| 008 | 150331b xxu||||| |||| 00| 0 eng d | ||
| 020 | _a1932705015 | ||
| 040 | _cLIBRARY | ||
| 082 | _a305.486971 | ||
| 100 |
_91968 _aEngineer, Asghar Ali, |
||
| 245 |
_aThe rights of women in Islam _cEngineer, Asghar Ali, |
||
| 250 | _a2th .ed | ||
| 260 |
_aU S A _bUK _cC 2004 |
||
| 300 | _a232 . : | ||
| 650 |
_91969 _aThe Rights of Women in Islam _xislam |
||
| 942 |
_2ddc _cBK |
||
| 999 |
_c62683 _d62683 |
||